000 00874nam a22002417a 4500
001 5021
003 FISKH
005 20241031163005.0
008 241031b cb ||||| |||| 00| 0 eng d
020 _a9780531262290
040 _aFISKH
_beng
_cFISKH
_dFISKH
050 _aQP624.P74
082 _a572.8
100 _aProkos, Anna
245 _aGuilty by a Hair! :
_bReal-life DNA Matches! /
_cby Anna Prokos
260 _aNew York :
_bScholastic ;
_c2007 .
300 _a64 pages :
_bcolor illustrations ;
_c24 cm .
490 _a24/7 Forensic Files, 24/7: Science Behind the Scenes (Forensic Files)
520 _aThe Forensic Files subset examines the forensic sciences behind the most fascinating solved and unsolved cases, from autopsies to facial reconstruction, and more.
650 _aDNA -history
_vJuvenile Literature
942 _2ddc
_cBK
_n0
999 _c5021
_d5021